|
|
|
|
| LEADER |
00989nam a22002417a 4500 |
| 001 |
39019 |
| 003 |
BD-DhAAL |
| 008 |
220627r20192013nyubcfh b 000 0 eng d |
| 999 |
|
|
|c 44065
|d 44065
|
| 020 |
|
|
|a 9781138236233
|
| 040 |
|
|
|a BD-DhAAL
|c BD-DhAAL
|
| 082 |
|
|
|a 420.9
|
| 100 |
1 |
|
|a Baugh, Albert C.
|q (Albert Croll),
|d 1891-1981.
|9 49703
|
| 245 |
0 |
2 |
|a A history of the English language /
|c Albert C. Baugh.
|
| 260 |
|
|
|a New York,
|a London :
|b Taylor & Francis Group,
|c c2013 [reprinted 2019].
|
| 300 |
|
|
|a xviii, 446 pages :
|b illustrations ;
|c 23 cm.
|
| 504 |
|
|
|a Includes bibliographical references and index.
|
| 526 |
|
|
|a ENH
|
| 541 |
|
|
|a Book Finder International
|e 39019
|
| 650 |
|
0 |
|a English language
|x History.
|9 49704
|
| 852 |
|
|
|a Ayesha Abed Library
|c General Stacks
|
| 942 |
|
|
|2 ddc
|c BK
|
| 952 |
|
|
|0 0
|1 0
|2 ddc
|4 0
|6 420_900000000000000_BAU
|7 0
|9 71084
|a BRACUL
|b BRACUL
|c GEN
|d 2022-06-23
|e Book Finder International
|g 827.71
|l 3
|m 6
|o 420.9 BAU
|p 3010039019
|r 2024-09-18
|s 2024-06-07
|t 1
|v 827.71
|w 2022-06-23
|y BK
|